000 00460nam a22001937a 4500
003 MPLRDC
005 20220104144258.0
008 210129b ||||| |||| 00| 0 eng d
020 _a957-491-9730-
082 _a857.7 CHXL v.114
100 _a叶芊芊著
245 _a窈窕女, 明末四公子之一
_c
250 _a初版
260 _a
_b狗屋
_c2002
300 _b
490 _a采花系列;114
650 _a
942 _cBK
_o857.7 CHXL v.114
999 _c48069
_d48059